Riconosci lo Stato - Quiz n°165 - Statistics

Statistiche generali
  • Questo quiz è stato fatto 26 volte
  • Il punteggio medio è 12 su 13
Statistiche sulle risposte
Indizio Risposta % Corretto
Popolazione 3 357 905 ab.
100%
Iniziale della Capitale U
100%
Superficie 1 566 000 km²
96%
Fuso Orario da UTC+7 a UTC+8[
96%
Valuta Tugrik
96%
ISU 0.735
91%
PIL (nominale) 10 258 milioni di $
91%
Tasso di crescita 1,469%
91%
Indipendenza dalla Dinastia Qing il 29 dicembre 1911
91%
Primo ministro Luvsannamsrain Oyun-Erdene
91%
Risposta Mongolia
91%
Forma di Governo Repubblica semipresidenziale
91%
Presidente della Repubblica Ukhnaagiin Khürelsükh
91%
Nessun quiz corrispondente trovato
Distribuzione punteggi
Percentuale di utenti per punteggio
Percentile per numero di risposta
I tuoi punteggi nel tempo
Non hai fatto questo quiz